| Tag |
First Indicator |
Second Indicator |
Subfields |
| LEADER |
00000cam a22000007a 4500 |
| 001 |
in00001824809 |
| 005 |
20211202201104.0 |
| 006 |
m d f |
| 007 |
cr bn----a---- |
| 008 |
040204s2004 mdu s f000 0 eng d |
| 035 |
|
|
|a (OCoLC)ocm54351016
|
| 040 |
|
|
|a GPO
|c GPO
|d DLC
|d MvI
|d UtOrBLW
|
| 043 |
|
|
|a n-us---
|
| 049 |
|
|
|a WWW
|
| 074 |
|
|
|a 0247 (online)
|
| 086 |
0 |
|
|a C 13.10:800-61
|
| 100 |
1 |
|
|a Grance, Tim.
|
| 245 |
1 |
0 |
|a Computer security handling guide :
|b recommendations of the National Institute of Standards and Technology /
|c Tim Grance, Karen Kent, Brian Kim.
|
| 264 |
|
1 |
|a [Gaithersburg, Md.] :
|b U.S. Department of Commerce, Technology Administration, National Institute of Standards and Technology ;
|c [2004]
|
| 264 |
|
2 |
|a Washington, DC :
|b For sale by the Supt. of Docs., U.S. G.P.O.,
|
| 336 |
|
|
|a text
|b txt
|2 rdacontent
|
| 337 |
|
|
|a computer
|b c
|2 rdamedia
|
| 338 |
|
|
|a online resource
|b cr
|2 rdacarrier
|
| 490 |
1 |
|
|a NIST special publication ;
|v 800-61.
|a Computer security
|
| 538 |
|
|
|a Mode of access: Internet from the NIST Web site. Address as of 01/29/04: http://csrc.nist.gov/publications/nistpubs/800-61/sp800-61.pdf; current access is available via PURL.
|
| 500 |
|
|
|a "January 2004."
|
| 504 |
|
|
|a Includes bibliographical references.
|
| 500 |
|
|
|a Electronic resource.
|
| 650 |
|
0 |
|a Computer security
|z United States.
|
| 650 |
|
0 |
|a Computer networks
|x Security measures
|z United States.
|
| 700 |
1 |
|
|a Kent, Karen.
|
| 700 |
1 |
|
|a Kim, Brian.
|
| 710 |
2 |
|
|a National Institute of Standards and Technology (U.S.)
|
| 830 |
|
0 |
|a NIST special publication ;
|v 800-61.
|
| 830 |
|
0 |
|a NIST special publication.
|p Computer security.
|
| 856 |
4 |
1 |
|u https://purl.fdlp.gov/GPO/LPS43017
|t 0
|
| 999 |
|
|
|a MARS
|
| 999 |
f |
f |
|s 58103728-49f2-3c28-94f2-522a5504c703
|i 57702fda-fafd-3b45-bda3-0d7a42763137
|t 0
|
| 952 |
f |
f |
|a Texas A&M University
|b College Station
|c Electronic Resources
|d Available Online
|t 0
|e C 13.10:800-61
|h Superintendent of Documents classification
|
| 998 |
f |
f |
|a C 13.10:800-61
|t 0
|l Available Online
|